000 01085nam a22002537a 4500
005 20110905164625.0
010 _aENG-90397
020 _c180.00
_a8180940462
035 _aEN-73930
035 _aG-001292
037 _bDBAD / PUB
082 _a001.42
100 _aVijayalakshmi, G.
_934408
245 _aResearch methods:
_cby G. Vijayalakshmi [and] C. Sivapragasam
_btips and techniques /
260 _aChennai
_bMJP Publishers
_c2008
260 _a
_b
270 _a47, Nallathambi Street Triplicane,
_bChennai
_e600005
300 _axvi, 218p.
_c23 cm (pbk)
500 _aIncludes bibliographical references & index
700 _aSivapragasam, C.
_934409
942 _cEN
_h001.42
_2ddc
_m VIJ
999 _c13885
_d13885